[Event "Sevilla Open 2018"]
[Site "Sevilla ESP"]
[Date "2018.01.14"]
[Round "3.14"]
[White "Veiga, Jose Francisco R P "]
[Black "Larino Nieto, David"]
[Result "1-0"]
[WhiteElo "2222"]
[BlackElo "2464"]
[PlyCount "93"]
[EventDate "2018.01.12"]
[EventType "swiss"]
[EventRounds "9"]
[EventCountry "ESP"]
[SourceTitle "Ajedrez en Madrid"]
[Source "lmi"]
[SourceDate "2018.01.12"]
[SourceVersion "1"]
[SourceVersionDate "2018.01.25"]
[SourceQuality "1"]
[WhiteTeam "Portugal"]
[BlackTeam "España"]
[WhiteTeamCountry "POR"]
[BlackTeamCountry "ESP"]

1. e4 e5 2. Nf3 Nc6 3. Bb5 Nd4 4. Nxd4 exd4 5. d3 c6 6. Bc4 a5 7. a4 Nf6 8. O-O
d5 9. exd5 Nxd5 10. Re1+ Be6 11. Qh5 Qd6 12. Bg5 g6 13. Qf3 Bg7 14. Nd2 O-O 15.
Ne4 Qd7 16. Bxd5 Bxd5 17. Nf6+ Bxf6 18. Qxf6 Qg4 19. f3 Qf5 20. Qxf5 gxf5 21.
Bf6 Be6 22. Bxd4 Rfd8 23. Bc3 c5 24. Re5 b6 25. Rae1 Rd6 26. g4 fxg4 27. Rg5+
Kf8 28. f4 Rd5 29. Bg7+ Kg8 30. Be5+ Kf8 31. f5 Rxe5 32. Rxe5 f6 33. Rxe6 fxg5
34. Rxb6 Re8 35. Rb5 Re2 36. Rxc5 Kf7 37. Rxa5 Rxc2 38. Rb5 h5 39. a5 Kf6 40.
Rb3 Kxf5 41. a6 Rc8 42. Ra3 Ke5 43. b4 Ra8 44. b5 Kd6 45. b6 Kc6 46. b7 Rd8 47.
Rb3 1-0

[Event "Sevilla Open 2018"]
[Site "Sevilla ESP"]
[Date "2018.01.15"]
[Round "4.1"]
[White "Vasquez Schroeder, Rodrigo"]
[Black "Martinez Martin, David"]
[Result "1-0"]
[WhiteElo "2554"]
[BlackElo "2399"]
[PlyCount "97"]
[EventDate "2018.01.12"]
[EventType "swiss"]
[EventRounds "9"]
[EventCountry "ESP"]
[SourceTitle "Ajedrez en Madrid"]
[Source "lmi"]
[SourceDate "2018.01.12"]
[SourceVersion "1"]
[SourceVersionDate "2018.01.25"]
[SourceQuality "1"]
[WhiteTeam "Chile"]
[BlackTeam "España"]
[WhiteTeamCountry "CHI"]
[BlackTeamCountry "ESP"]

1. e4 e6 2. d4 d5 3. Nc3 Nf6 4. e5 Nfd7 5. Nce2 c5 6. c3 Nc6 7. f4 Be7 8. Nf3
O-O 9. g3 b5 10. a3 a5 11. f5 cxd4 12. cxd4 exf5 13. Nf4 Ndb8 14. Bxb5 Qb6 15.
Ba4 Be6 16. Qb3 Qxb3 17. Bxb3 Rd8 18. Nxe6 fxe6 19. Ba4 Ra6 20. h4 Rb6 21. Rh2
Rc8 22. Be3 Na7 23. Rc1 Rxc1+ 24. Bxc1 h6 25. h5 Nac6 26. Rc2 Kf7 27. Bd2 Bd8
28. Ke2 Kf8 29. Kd3 Kf7 30. Bc3 g5 31. hxg6+ Kxg6 32. Rh2 Rb7 33. Nh4+ Kg7 34.
Ng2 Bg5 35. Nf4 Bxf4 36. gxf4 Kh7 37. Be1 Ne7 38. Bh4 Ng8 39. Bd8 Nd7 40. Bxa5
Nf8 41. Bb4 Ng6 42. Ke3 Rc7 43. Bc5 Rg7 44. Kf3 N8e7 45. Be8 Nc8 46. Bxg6+ Rxg6
47. Rg2 Rxg2 48. Kxg2 Kg6 49. a4 1-0

[Event "Sevilla Open 2018"]
[Site "Sevilla ESP"]
[Date "2018.01.15"]
[Round "4.2"]
[White "Campora, Daniel H"]
[Black "Kveinys, Aloyzas"]
[Result "1/2-1/2"]
[WhiteElo "2417"]
[BlackElo "2547"]
[PlyCount "141"]
[EventDate "2018.01.12"]
[EventType "swiss"]
[EventRounds "9"]
[EventCountry "ESP"]
[SourceTitle "Ajedrez en Madrid"]
[Source "lmi"]
[SourceDate "2018.01.12"]
[SourceVersion "1"]
[SourceVersionDate "2018.01.25"]
[SourceQuality "1"]
[WhiteTeam "Argentina"]
[BlackTeam "Lituania"]
[WhiteTeamCountry "ARG"]
[BlackTeamCountry "LTU"]

1. f4 d5 2. Nf3 g6 3. g3 c6 4. Bg2 Qb6 5. a4 a5 6. e3 Bg7 7. d4 Nh6 8. O-O Nd7
9. c4 Nf6 10. Nc3 O-O 11. Ne5 Rd8 12. h3 dxc4 13. g4 Nd5 14. Nxc4 Qa6 15. Nxd5
cxd5 16. Na3 f5 17. g5 Nf7 18. Nb5 Qb6 19. b3 Bd7 20. Nc3 e6 21. Ba3 Rac8 22.
Rc1 Bf8 23. Bxf8 Kxf8 24. Qc2 Nd6 25. Qa2 Qb4 26. Nb1 b5 27. axb5 Bxb5 28. Rfd1
Ke7 29. Kh2 h6 30. gxh6 Kf7 31. Rg1 Rh8 32. Rxc8 Rxc8 33. Bxd5 exd5 34. Qg2 Ke7
35. Qg5+ Kd7 36. h7 Qxb3 37. Qxg6 Qxe3 38. Qg7+ Kc6 39. Qe5 Qxe5 40. fxe5 Nf7
41. Nc3 Nh8 42. Rg8 Ba6 43. Kg3 Kb7 44. Na4 Bb5 45. Nb6 Rb8 46. Nxd5 Bc4 47.
Rg7+ Ka6 48. Ne3 Bb3 49. d5 Rb4 50. Nxf5 Bxd5 51. Rg8 Rb3+ 52. Kh2 Rb2+ 53. Kg1
Rb1+ 54. Kf2 Rb2+ 55. Ke3 Nf7 56. Nd6 Rb3+ 57. Kd4 Rxh3 58. Nxf7 Rxh7 59. Kxd5
Rxf7 60. e6 Rb7 61. Kd6 Kb5 62. Rg1 Ra7 63. Kd5 Kb4 64. Kd4 Kb3 65. Kd3 Kb2 66.
Re1 Re7 67. Kc4 Kc2 68. Re2+ Kd1 69. Kd3 a4 70. Re5 a3 71. Ra5 1/2-1/2

[Event "Sevilla Open 2018"]
[Site "Sevilla ESP"]
[Date "2018.01.15"]
[Round "4.4"]
[White "Aguera Naredo, Javier"]
[Black "Swapnil, S. Dhopade"]
[Result "1/2-1/2"]
[WhiteElo "2391"]
[BlackElo "2533"]
[PlyCount "88"]
[EventDate "2018.01.12"]
[EventType "swiss"]
[EventRounds "9"]
[EventCountry "ESP"]
[SourceTitle "Ajedrez en Madrid"]
[Source "lmi"]
[SourceDate "2018.01.12"]
[SourceVersion "1"]
[SourceVersionDate "2018.01.25"]
[SourceQuality "1"]
[WhiteTeam "España"]
[BlackTeam "India"]
[WhiteTeamCountry "ESP"]
[BlackTeamCountry "IND"]

1. e4 e5 2. Nf3 Nc6 3. Bb5 a6 4. Ba4 d6 5. c3 f5 6. exf5 Bxf5 7. O-O Bd3 8. Re1
Be7 9. Bc2 Bxc2 10. Qxc2 Nf6 11. d4 e4 12. Ng5 d5 13. f3 h6 14. Nh3 O-O 15. Nd2
exf3 16. Nxf3 Qd7 17. Nf4 Bd6 18. Ng6 Rfe8 19. Bf4 Bxf4 20. Nxf4 Qg4 21. Ng6
Ne4 22. Nge5 Qe6 23. Nd3 Qd6 24. Nf2 Nf6 25. Qf5 Ne7 26. Qe6+ Qxe6 27. Rxe6 Nf5
28. Rae1 Rxe6 29. Rxe6 Re8 30. Rxe8+ Nxe8 31. Nd3 Ned6 32. Kf2 Ne4+ 33. Ke2 c6
34. Nfe5 Nfd6 35. Nd7 Kf7 36. N7c5 Ke7 37. Nxe4 Nxe4 38. Ke3 Kf6 39. Ne5 Nd6
40. Kf4 a5 41. Nd7+ Ke7 42. Nc5 Kf6 43. Nd7+ Ke7 44. Nc5 Kf6 1/2-1/2

[Event "Sevilla Open 2018"]
[Site "Sevilla ESP"]
[Date "2018.01.15"]
[Round "4.5"]
[White "Bjerre, Jonas Buhl"]
[Black "Ulybin, Mikhail"]
[Result "1-0"]
[WhiteElo "2367"]
[BlackElo "2519"]
[PlyCount "95"]
[EventDate "2018.01.12"]
[EventType "swiss"]
[EventRounds "9"]
[EventCountry "ESP"]
[SourceTitle "Ajedrez en Madrid"]
[Source "lmi"]
[SourceDate "2018.01.12"]
[SourceVersion "1"]
[SourceVersionDate "2018.01.25"]
[SourceQuality "1"]
[WhiteTeam "Dinamarca"]
[BlackTeam "Rusia"]
[WhiteTeamCountry "DEN"]
[BlackTeamCountry "RUS"]

1. e4 e6 2. d4 d5 3. Nd2 Nf6 4. e5 Nfd7 5. Bd3 c5 6. c3 Nc6 7. Ne2 cxd4 8. cxd4
f6 9. Nf4 Nxd4 10. Qh5+ Ke7 11. exf6+ Nxf6 12. Ng6+ hxg6 13. Qxh8 Kf7 14. O-O
e5 15. Nb3 Nxb3 16. axb3 Bf5 17. Bxf5 gxf5 18. Bg5 Bc5 19. Qh3 Qd7 20. Bxf6
Kxf6 21. Rfe1 Qd6 22. Qh4+ Kf7 23. Qh5+ Kg8 24. Rad1 Rf8 25. Rd3 e4 26. Rh3 Qf4
27. Rf1 e3 28. Qh7+ Kf7 29. Rf3 exf2+ 30. Kh1 Qe4 31. b4 Bd4 32. Qxf5+ Qxf5 33.
Rxf5+ Bf6 34. R1xf2 Ke6 35. g4 Rc8 36. Re2+ Kd6 37. Rd2 Be5 38. Rf7 Rc1+ 39.
Kg2 g5 40. Rf5 Rc4 41. Rxg5 Rxb4 42. h4 a5 43. h5 a4 44. h6 Rxb2 45. Rxb2 Bxb2
46. Rg8 a3 47. Ra8 b5 48. g5 1-0

[Event "Sevilla Open 2018"]
[Site "Sevilla ESP"]
[Date "2018.01.15"]
[Round "4.6"]
[White "Pogorelov, Ruslan"]
[Black "Matamoros Franco, Carlos S"]
[Result "1/2-1/2"]
[WhiteElo "2358"]
[BlackElo "2484"]
[PlyCount "59"]
[EventDate "2018.01.12"]
[EventType "swiss"]
[EventRounds "9"]
[EventCountry "ESP"]
[SourceTitle "Ajedrez en Madrid"]
[Source "lmi"]
[SourceDate "2018.01.12"]
[SourceVersion "1"]
[SourceVersionDate "2018.01.25"]
[SourceQuality "1"]
[WhiteTeam "Ucrania"]
[BlackTeam "Ecuador"]
[WhiteTeamCountry "UKR"]
[BlackTeamCountry "ECU"]

1. Nf3 Nf6 2. c4 g6 3. Nc3 Bg7 4. e4 d6 5. d4 O-O 6. Be2 e5 7. O-O Na6 8. Re1
c6 9. Bf1 Bg4 10. d5 c5 11. h3 Bd7 12. a3 Kh8 13. Rb1 Ng8 14. b4 b6 15. bxc5
Nxc5 16. Be3 f5 17. Bxc5 bxc5 18. Bd3 Nf6 19. Qc2 Nh5 20. Nd2 Bh6 21. Rb2 Qg5
22. Nf3 Qd8 23. Nh2 Nf4 24. Bf1 Qg5 25. Kh1 Rfb8 26. Reb1 Qd8 27. Rb7 Nh5 28.
Bd3 Nf4 29. Bf1 Nh5 30. Bd3 1/2-1/2

[Event "Sevilla Open 2018"]
[Site "Sevilla ESP"]
[Date "2018.01.15"]
[Round "4.7"]
[White "Xu, Yi"]
[Black "Estremera Panos, Sergio"]
[Result "1-0"]
[WhiteElo "2482"]
[BlackElo "2339"]
[PlyCount "77"]
[EventDate "2018.01.12"]
[EventType "swiss"]
[EventRounds "9"]
[EventCountry "ESP"]
[SourceTitle "Ajedrez en Madrid"]
[Source "lmi"]
[SourceDate "2018.01.12"]
[SourceVersion "1"]
[SourceVersionDate "2018.01.25"]
[SourceQuality "1"]
[WhiteTeam "China"]
[BlackTeam "España"]
[WhiteTeamCountry "CHN"]
[BlackTeamCountry "ESP"]

1. e4 c5 2. Nf3 e6 3. d4 cxd4 4. Nxd4 Nf6 5. Nc3 Nc6 6. Nxc6 bxc6 7. e5 Nd5 8.
Ne4 Qc7 9. f4 Qa5+ 10. c3 Be7 11. Bd3 Ba6 12. O-O Qb6+ 13. Kh1 Bxd3 14. Qxd3 f5
15. exf6 Nxf6 16. b3 Qb5 17. c4 Qf5 18. Nd6+ Bxd6 19. Qxd6 Ne4 20. Qd4 O-O 21.
Bb2 Rf7 22. Rac1 c5 23. Qe3 d5 24. Rce1 a5 25. Qe2 h5 26. a4 Rb8 27. Rf3 Rb6
28. Be5 Rfb7 29. Kg1 Rxb3 30. Rxb3 Rxb3 31. cxd5 exd5 32. Qd1 Rb4 33. Qxd5+ Kh7
34. h3 Ng3 35. Kh2 h4 36. Qd8 Qh5 37. Bxg7 Re4 38. Rxe4 Nxe4 39. Qh8+ 1-0

[Event "Sevilla Open 2018"]
[Site "Sevilla ESP"]
[Date "2018.01.15"]
[Round "4.8"]
[White "Alshameary Puente, Ismael"]
[Black "Anurag, Mhamal"]
[Result "1/2-1/2"]
[WhiteElo "2342"]
[BlackElo "2472"]
[PlyCount "111"]
[EventDate "2018.01.12"]
[EventType "swiss"]
[EventRounds "9"]
[EventCountry "ESP"]
[SourceTitle "Ajedrez en Madrid"]
[Source "lmi"]
[SourceDate "2018.01.12"]
[SourceVersion "1"]
[SourceVersionDate "2018.01.25"]
[SourceQuality "1"]
[WhiteTeam "España"]
[BlackTeam "India"]
[WhiteTeamCountry "ESP"]
[BlackTeamCountry "IND"]

1. d4 Nf6 2. c4 g6 3. Nf3 Bg7 4. g3 c5 5. Bg2 O-O 6. Nc3 d5 7. cxd5 Nxd5 8. O-O
Nc6 9. e3 Be6 10. Nxd5 Bxd5 11. dxc5 Bc4 12. Re1 Qa5 13. Qc2 Qb5 14. Bd2 Rfd8
15. a4 Qa6 16. Ra3 Bd3 17. Qc1 Rac8 18. Bc3 e5 19. b4 Qc4 20. b5 Nb4 21. Bxe5
Nc2 22. Rc3 Qxa4 23. Bxg7 Kxg7 24. Qb2 Kg8 25. Rc1 Be4 26. R3xc2 Bxc2 27. Qxc2
Qxb5 28. Nd4 Qd7 29. h4 Qe7 30. Bh3 Rc7 31. Nb5 Rc6 32. Nxa7 Ra6 33. Nc8 Qc7
34. Nb6 Ra5 35. Bg2 Rxc5 36. Qxc5 Rd1+ 37. Kh2 Rxc1 38. Qa3 Rc2 39. Nd5 Qe5 40.
Ne7+ Kg7 41. Kg1 b5 42. Nd5 Rd2 43. Qc5 Qa1+ 44. Bf1 Qe5 45. Bg2 Rb2 46. Qc8 b4
47. Qc4 b3 48. Be4 Ra2 49. Qxb3 Ra1+ 50. Kh2 Qxe4 51. Qb2+ Kh6 52. Qxa1 Qxd5
53. Qf6 Qa2 54. g4 Qe2 55. Kg3 Qxg4+ 56. Kxg4 1/2-1/2

[Event "Sevilla Open 2018"]
[Site "Sevilla ESP"]
[Date "2018.01.15"]
[Round "4.9"]
[White "Gutierrez Olivares, Daniel"]
[Black "Pulvett Marin, Daniel"]
[Result "0-1"]
[WhiteElo "2324"]
[BlackElo "2438"]
[PlyCount "62"]
[EventDate "2018.01.12"]
[EventType "swiss"]
[EventRounds "9"]
[EventCountry "ESP"]
[SourceTitle "Ajedrez en Madrid"]
[Source "lmi"]
[SourceDate "2018.01.12"]
[SourceVersion "1"]
[SourceVersionDate "2018.01.25"]
[SourceQuality "1"]
[WhiteTeam "España"]
[BlackTeam "Venezuela"]
[WhiteTeamCountry "ESP"]
[BlackTeamCountry "VEN"]

1. c4 Nf6 2. g3 g6 3. Bg2 Bg7 4. Nc3 O-O 5. e3 c6 6. Qb3 d5 7. Nge2 dxc4 8.
Qxc4 Nbd7 9. d4 e5 10. O-O Nb6 11. Qb3 exd4 12. Nxd4 c5 13. Nde2 Be6 14. Qc2
Qe7 15. e4 Rfd8 16. b3 c4 17. Nf4 Rac8 18. Nxe6 Qxe6 19. Bb2 cxb3 20. axb3 Nfd7
21. Rfd1 a6 22. f4 Nc5 23. b4 Qb3 24. Qxb3 Nxb3 25. Rxd8+ Rxd8 26. Rd1 Bd4+ 27.
Kh1 Nc4 28. Na4 b5 29. Bf1 Ne3 30. Rd3 bxa4 31. Be2 Rc8 0-1

[Event "Sevilla Open 2018"]
[Site "Sevilla ESP"]
[Date "2018.01.15"]
[Round "4.10"]
[White "Gomez Ledo, Roberto Carlos"]
[Black "Barrero Garcia, Carlos"]
[Result "1/2-1/2"]
[WhiteElo "2436"]
[BlackElo "2321"]
[PlyCount "71"]
[EventDate "2018.01.12"]
[EventType "swiss"]
[EventRounds "9"]
[EventCountry "ESP"]
[SourceTitle "Ajedrez en Madrid"]
[Source "lmi"]
[SourceDate "2018.01.12"]
[SourceVersion "1"]
[SourceVersionDate "2018.01.25"]
[SourceQuality "1"]
[WhiteTeam "Cuba"]
[BlackTeam "España"]
[WhiteTeamCountry "CUB"]
[BlackTeamCountry "ESP"]

1. d4 Nf6 2. Bf4 g6 3. e3 Bg7 4. Nf3 O-O 5. Be2 d6 6. O-O Nh5 7. Bg5 h6 8. Bh4
g5 9. Nfd2 gxh4 10. Bxh5 Nd7 11. c3 Kh8 12. f4 c5 13. Ne4 f5 14. Nf2 Rb8 15.
Nd2 b5 16. Nf3 e6 17. e4 b4 18. e5 Bb7 19. Re1 bxc3 20. bxc3 Bxf3 21. Bxf3 d5
22. c4 Rb4 23. Rc1 Qb6 24. a3 Rxc4 25. Rxc4 dxc4 26. d5 exd5 27. Bxd5 c3 28.
Qc2 Qb2 29. Rc1 Nb6 30. Be6 Re8 31. Bxf5 Nd5 32. Bg6 Nxf4 33. Bxe8 Ne2+ 34. Kf1
Nxc1 35. Ba4 Qxc2 36. Bxc2 1/2-1/2

[Event "Sevilla Open 2018"]
[Site "Sevilla ESP"]
[Date "2018.01.15"]
[Round "4.11"]
[White "Silva Lucena, Cristian"]
[Black "Swayams, Mishra"]
[Result "0-1"]
[WhiteElo "2301"]
[BlackElo "2432"]
[PlyCount "85"]
[EventDate "2018.01.12"]
[EventType "swiss"]
[EventRounds "9"]
[EventCountry "ESP"]
[SourceTitle "Ajedrez en Madrid"]
[Source "lmi"]
[SourceDate "2018.01.12"]
[SourceVersion "1"]
[SourceVersionDate "2018.01.25"]
[SourceQuality "1"]
[WhiteTeam "España"]
[BlackTeam "India"]
[WhiteTeamCountry "ESP"]
[BlackTeamCountry "IND"]

1. e4 e6 2. d4 d5 3. Nc3 Nf6 4. Bg5 Bb4 5. e5 h6 6. Be3 Ne4 7. Qg4 g6 8. a3
Bxc3+ 9. bxc3 c5 10. Bd3 h5 11. Qf4 g5 12. Qf3 Nxc3 13. dxc5 d4 14. Bd2 Bd7 15.
Qg3 h4 16. Qxg5 Qxg5 17. Bxg5 Bc6 18. f3 Nd7 19. Kf2 Rh5 20. Bf6 Nxf6 21. exf6
O-O-O 22. Ne2 Nxe2 23. Kxe2 Rxc5 24. g4 Re5+ 25. Kf2 Re3 26. Be2 Rd5 27. Rhd1
Rde5 28. Rd2 Rc3 29. Rg1 Bb5 30. Bd1 d3 31. cxd3 Bxd3 32. f4 Re4 33. Bf3 Rxf4
34. Ke3 Rxf6 35. Kd4 Rxa3 36. Rc1+ Kb8 37. Bh1 Rf4+ 38. Ke3 Rc4 39. Rxc4 Bxc4+
40. Kd4 Ra2 41. Rxa2 Bxa2 42. Ke5 Bd5 43. Kd4 0-1

[Event "Sevilla Open 2018"]
[Site "Sevilla ESP"]
[Date "2018.01.15"]
[Round "4.12"]
[White "Starostits, Ilmars"]
[Black "Diaz Castro, Sergio"]
[Result "1-0"]
[WhiteElo "2431"]
[BlackElo "2263"]
[PlyCount "63"]
[EventDate "2018.01.12"]
[EventType "swiss"]
[EventRounds "9"]
[EventCountry "ESP"]
[SourceTitle "Ajedrez en Madrid"]
[Source "lmi"]
[SourceDate "2018.01.12"]
[SourceVersion "1"]
[SourceVersionDate "2018.01.25"]
[SourceQuality "1"]
[WhiteTeam "Letonia"]
[BlackTeam "España"]
[WhiteTeamCountry "LAT"]
[BlackTeamCountry "ESP"]

1. d4 d6 2. e4 g6 3. Nc3 Bg7 4. Be3 a6 5. Nf3 b5 6. Bd3 Nd7 7. h4 h6 8. e5 e6
9. Bf4 d5 10. Ne2 c5 11. c3 Ne7 12. Qd2 Qc7 13. Nh2 Qb6 14. h5 g5 15. Be3 Bb7
16. Ng4 O-O-O 17. dxc5 Qc7 18. a4 Nxc5 19. Bxc5 Qxc5 20. axb5 axb5 21. b4 Qb6
22. Ra5 Nc6 23. Rxb5 Qa7 24. O-O Kc7 25. Nd4 Nxe5 26. Nxe5 Bxe5 27. Qe3 Bxd4
28. cxd4 Kd7 29. Rc5 Qb6 30. Qe5 Rc8 31. Rfc1 Qd6 32. Bb5+ 1-0

[Event "Sevilla Open 2018"]
[Site "Sevilla ESP"]
[Date "2018.01.15"]
[Round "4.13"]
[White "Veiga, Jose Francisco R P "]
[Black "Vega Gutierrez, Sabrina"]
[Result "1-0"]
[WhiteElo "2222"]
[BlackElo "2427"]
[PlyCount "153"]
[EventDate "2018.01.12"]
[EventType "swiss"]
[EventRounds "9"]
[EventCountry "ESP"]
[SourceTitle "Ajedrez en Madrid"]
[Source "lmi"]
[SourceDate "2018.01.12"]
[SourceVersion "1"]
[SourceVersionDate "2018.01.25"]
[SourceQuality "1"]
[WhiteTeam "Portugal"]
[BlackTeam "España"]
[WhiteTeamCountry "POR"]
[BlackTeamCountry "ESP"]

1. e4 c5 2. Nf3 e6 3. d4 cxd4 4. Nxd4 Nc6 5. Nc3 a6 6. Nxc6 bxc6 7. Bd3 d5 8.
O-O Qc7 9. Qe2 Bb7 10. Kh1 Bd6 11. f4 Ne7 12. Be3 O-O 13. e5 Bb4 14. Na4 Nf5
15. Bb6 Qb8 16. g4 Nh6 17. g5 Nf5 18. c3 Be7 19. Bxf5 exf5 20. Bc5 Qc7 21. Qh5
Bxc5 22. Nxc5 Qe7 23. b4 Bc8 24. Rf3 Be6 25. Rh3 h6 26. gxh6 g6 27. Qg5 Rfe8
28. Rd3 a5 29. a4 Qxg5 30. fxg5 Bc8 31. Re1 Ra7 32. Kg2 Ba6 33. Rd4 Bc4 34. Kf3
Rb8 35. e6 fxe6 36. Rxe6 axb4 37. cxb4 Kh7 38. Rxc6 Rxb4 39. Ne6 Rb8 40. Rc7+
Rxc7 41. Nxc7 Rb4 42. a5 Ra4 43. Nxd5 Bxd5+ 44. Rxd5 Kh8 45. Rd8+ Kh7 46. Rd7+
Kh8 47. Rd6 Rxa5 48. Rxg6 Ra4 49. Rf6 Rh4 50. Rxf5 Rxh2 51. Rf7 Rh1 52. Ra7 Rh4
53. Kg3 Rh5 54. Kg4 Rh1 55. Kf5 Rb1 56. Rd7 Rb5+ 57. Kf6 Rb6+ 58. Kf7 Kh7 59.
Kf8+ Kh8 60. Ke7 Rg6 61. Rd5 Kh7 62. Rf5 Kh8 63. Re5 Kg8 64. Rd5 Kh7 65. Kf7
Rg8 66. Kf6 Rf8+ 67. Ke7 Rg8 68. Kf7 Rg6 69. Rf5 Rg8 70. Kf6 Rf8+ 71. Ke5 Ra8
72. Rf7+ Kh8 73. g6 Ra5+ 74. Kf6 Ra6+ 75. Kg5 Ra5+ 76. Rf5 Ra8 77. h7 1-0

[Event "Sevilla Open 2018"]
[Site "Sevilla ESP"]
[Date "2018.01.15"]
[Round "4.14"]
[White "Santos Latasa, Jaime"]
[Black "Cortes Bueno, Jesus Javier"]
[Result "1-0"]
[WhiteElo "2546"]
[BlackElo "2159"]
[PlyCount "61"]
[EventDate "2018.01.12"]
[EventType "swiss"]
[EventRounds "9"]
[EventCountry "ESP"]
[SourceTitle "Ajedrez en Madrid"]
[Source "lmi"]
[SourceDate "2018.01.12"]
[SourceVersion "1"]
[SourceVersionDate "2018.01.25"]
[SourceQuality "1"]
[WhiteTeam "España"]
[BlackTeam "España"]
[WhiteTeamCountry "ESP"]
[BlackTeamCountry "ESP"]

1. e4 c5 2. Nf3 d6 3. d4 cxd4 4. Nxd4 Nf6 5. Nc3 Nc6 6. Bg5 e6 7. Qd2 a6 8.
Nxc6 bxc6 9. O-O-O Be7 10. Bxf6 gxf6 11. Bc4 Qa5 12. Rhe1 Rb8 13. f4 Qc5 14.
Bb3 a5 15. Kb1 Bd7 16. Ka1 Rb4 17. a3 Rb7 18. Re3 Rg8 19. Rh3 Rg7 20. Qe2 Kf8
21. Ka2 d5 22. Rg3 Qb6 23. Rxg7 Kxg7 24. Rd3 Kf8 25. Rg3 c5 26. Qh5 Bd6 27. e5
c4 28. Qh6+ Ke7 29. Qxf6+ Kf8 30. Nxd5 exd5 31. exd6 1-0

[Event "Sevilla Open 2018"]
[Site "Sevilla ESP"]
[Date "2018.01.16"]
[Round "5.1"]
[White "Swayams, Mishra"]
[Black "Vasquez Schroeder, Rodrigo"]
[Result "1/2-1/2"]
[WhiteElo "2432"]
[BlackElo "2554"]
[PlyCount "73"]
[EventDate "2018.01.12"]
[EventType "swiss"]
[EventRounds "9"]
[EventCountry "ESP"]
[SourceTitle "Ajedrez en Madrid"]
[Source "lmi"]
[SourceDate "2018.01.12"]
[SourceVersion "1"]
[SourceVersionDate "2018.01.25"]
[SourceQuality "1"]
[WhiteTeam "India"]
[BlackTeam "Chile"]
[WhiteTeamCountry "IND"]
[BlackTeamCountry "CHI"]

1. d4 Nf6 2. Nf3 e6 3. c4 Bb4+ 4. Nbd2 O-O 5. a3 Be7 6. e4 d6 7. Be2 c5 8. d5
Nbd7 9. O-O e5 10. Ne1 Ne8 11. g3 g6 12. Ng2 Ng7 13. f4 exf4 14. gxf4 f5 15.
Bd3 Bf6 16. Kh1 Nb6 17. Rb1 fxe4 18. Nxe4 Bf5 19. Nxf6+ Qxf6 20. b3 Bxd3 21.
Qxd3 Qf5 22. Qxf5 Nxf5 23. Bb2 Rae8 24. Rfe1 Kf7 25. Kg1 Nd7 26. Kf2 Nf6 27.
Kf3 b5 28. Bc3 Rxe1 29. Nxe1 Re8 30. Bxf6 Kxf6 31. Nc2 Rb8 32. cxb5 Rxb5 33. a4
Rb7 34. Ke4 a6 35. Kd3 Ne7 36. Ke4 Nf5 37. Kd3 1/2-1/2

[Event "Sevilla Open 2018"]
[Site "Sevilla ESP"]
[Date "2018.01.16"]
[Round "5.2"]
[White "Starostits, Ilmars"]
[Black "Dvirnyy, Danyyil"]
[Result "0-1"]
[WhiteElo "2431"]
[BlackElo "2534"]
[PlyCount "72"]
[EventDate "2018.01.12"]
[EventType "swiss"]
[EventRounds "9"]
[EventCountry "ESP"]
[SourceTitle "Ajedrez en Madrid"]
[Source "lmi"]
[SourceDate "2018.01.12"]
[SourceVersion "1"]
[SourceVersionDate "2018.01.25"]
[SourceQuality "1"]
[WhiteTeam "Letonia"]
[BlackTeam "Italia"]
[WhiteTeamCountry "LAT"]
[BlackTeamCountry "ITA"]

1. d4 Nf6 2. Nf3 g6 3. Nc3 d5 4. Bf4 Bg7 5. Qd2 O-O 6. Bh6 Ne4 7. Qe3 Bxh6 8.
Qxh6 f6 9. Qe3 Nxc3 10. Qxc3 Qd6 11. h4 Bf5 12. e3 Nd7 13. Bd3 Bxd3 14. cxd3
Rac8 15. O-O c5 16. Rac1 Rc7 17. dxc5 Rxc5 18. Qd4 Rfc8 19. Rxc5 Qxc5 20. Qg4
Nf8 21. h5 Qc6 22. hxg6 hxg6 23. Nh4 Qe6 24. Qg3 Kf7 25. f4 Qd6 26. Qh3 e6 27.
g4 Kg7 28. Nf3 Qb6 29. d4 Qxb2 30. g5 f5 31. Ne5 Qe2 32. a4 Rc3 33. Rf2 Qe1+
34. Kg2 Rc1 35. a5 Rd1 36. Qg3 Qh1# 0-1

[Event "Sevilla Open 2018"]
[Site "Sevilla ESP"]
[Date "2018.01.16"]
[Round "5.3"]
[White "Bjerre, Jonas Buhl"]
[Black "Xu, Yi"]
[Result "1/2-1/2"]
[WhiteElo "2367"]
[BlackElo "2482"]
[PlyCount "60"]
[EventDate "2018.01.12"]
[EventType "swiss"]
[EventRounds "9"]
[EventCountry "ESP"]
[SourceTitle "Ajedrez en Madrid"]
[Source "lmi"]
[SourceDate "2018.01.12"]
[SourceVersion "1"]
[SourceVersionDate "2018.01.25"]
[SourceQuality "1"]
[WhiteTeam "Dinamarca"]
[BlackTeam "China"]
[WhiteTeamCountry "DEN"]
[BlackTeamCountry "CHN"]

1. e4 e5 2. Nf3 Nc6 3. Bc4 Bc5 4. c3 Nf6 5. d3 d6 6. O-O h6 7. a4 a5 8. Na3 O-O
9. Nc2 Be6 10. Bxe6 fxe6 11. Be3 Bxe3 12. Nxe3 Qe8 13. Nd2 b6 14. Qb3 Nh5 15.
Qb5 Rd8 16. Rad1 Kh8 17. Nb3 Nf6 18. f3 Qd7 19. d4 exd4 20. Nxd4 Nxd4 21. Rxd4
Qe7 22. Rfd1 Nd7 23. Qh5 Ne5 24. Ng4 Nxg4 25. Qxg4 e5 26. R4d3 Qd7 27. Qxd7
Rxd7 28. Kf2 Kg8 29. Ke2 Kf7 30. R3d2 Ke6 1/2-1/2

[Event "Sevilla Open 2018"]
[Site "Sevilla ESP"]
[Date "2018.01.16"]
[Round "5.4"]
[White "Pulvett Marin, Daniel"]
[Black "Veiga, Jose Francisco R P "]
[Result "1-0"]
[WhiteElo "2438"]
[BlackElo "2222"]
[PlyCount "59"]
[EventDate "2018.01.12"]
[EventType "swiss"]
[EventRounds "9"]
[EventCountry "ESP"]
[SourceTitle "Ajedrez en Madrid"]
[Source "lmi"]
[SourceDate "2018.01.12"]
[SourceVersion "1"]
[SourceVersionDate "2018.01.25"]
[SourceQuality "1"]
[WhiteTeam "Venezuela"]
[BlackTeam "Portugal"]
[WhiteTeamCountry "VEN"]
[BlackTeamCountry "POR"]

1. d4 Nf6 2. c4 c5 3. d5 e6 4. Nc3 exd5 5. cxd5 d6 6. Nf3 g6 7. Nd2 a6 8. a4
Nbd7 9. e4 Bg7 10. Be2 O-O 11. O-O Re8 12. Re1 Rb8 13. Qc2 Qc7 14. Nf1 b6 15.
Ne3 Ne5 16. h3 Bh6 17. Nc4 Bxc1 18. Qxc1 Nxc4 19. Bxc4 Qe7 20. f4 Nh5 21. Be2
Qh4 22. Bxh5 Qxh5 23. Qe3 b5 24. axb5 axb5 25. e5 dxe5 26. Ne4 Kg7 27. Ra7 exf4
28. Rxf7+ Kh8 29. Qc3+ Qe5 30. Nd6 1-0